书目信息 |
| 题名: |
建筑幕墙工程设计文件编制标准
|
|
| 作者: | ;中国建筑装饰协会 | |
| 分册: | ||
| 出版信息: | 北京 中国建筑工业出版社 2019.04 |
|
| 页数: | 37页 | |
| 开本: | 20cm | |
| 丛书名: | ||
| 单 册: | ||
| 中图分类: | TU767.4-65 | |
| 科图分类: | ||
| 主题词: | 建筑工程--工程施工 | |
| 电子资源: | ||
| ISBN: | ||
| 000 | 00659nam0 2200193 450 | |
| 001 | 2039517093 | |
| 005 | 20201103105958.47 | |
| 010 | @dCNY32.00 | |
| 100 | @a20201103d2019 km y0chiy0120 ea | |
| 101 | 0 | @achi |
| 102 | @aCN@b110000 | |
| 200 | 1 | @a建筑幕墙工程设计文件编制标准@Ajian zhu mu qiang gong cheng she ji wen jian bian zhi biao zhun@f中国建筑装饰协会@Fzhong guo jian zhu zhuang shi xie hui |
| 210 | @a北京@c中国建筑工业出版社@d2019.04 | |
| 215 | @a37页@d20cm | |
| 606 | 0 | @a建筑工程@x工程施工 |
| 690 | @aTU767.4-65@v4 | |
| 711 | 02 | @a中国建筑装饰协会@Azhong guo jian zhu zhuang shi xie hui |
| 801 | 0 | @aCN@bMUSE@c20201103 |
| 905 | @aMUSE@dTU767.4-65@eZ567 | |
| 建筑幕墙工程设计文件编制标准/中国建筑装饰协会.-北京:中国建筑工业出版社,2019.04 |
| 37页;20cm |
| ISBN :CNY32.00 |
| ● |
| 相关链接 |
|
|
|
正题名:建筑幕墙工程设计文件编制标准
索取号:TU767.4-65/Z567
 
预约/预借
| 序号 | 登录号 | 条形码 | 馆藏地/架位号 | 状态 | 备注 |
| 1 | 1502235 | 215022357 | 管理学院资料室/ [索取号:TU767.4-65/Z567] | 在馆 |